<?xml version="1.0" encoding="UTF-8"?>
<record
    xmlns:xsi="http://www.w3.org/2001/XMLSchema-instance"
    xsi:schemaLocation="http://www.loc.gov/MARC21/slim http://www.loc.gov/standards/marcxml/schema/MARC21slim.xsd"
    xmlns="http://www.loc.gov/MARC21/slim">

  <leader>02226nam a2200253 a 4500</leader>
  <controlfield tag="005">20180803165403.0</controlfield>
  <controlfield tag="008">140129b2003    ck ||||| |||| 00| 0 spa d</controlfield>
  <datafield tag="040" ind1=" " ind2=" ">
    <subfield code="c">CO-BoIH</subfield>
  </datafield>
  <datafield tag="041" ind1=" " ind2=" ">
    <subfield code="a">spa</subfield>
  </datafield>
  <datafield tag="044" ind1=" " ind2=" ">
    <subfield code="a">ck</subfield>
  </datafield>
  <datafield tag="090" ind1=" " ind2=" ">
    <subfield code="a">IAVH</subfield>
    <subfield code="b">00997</subfield>
  </datafield>
  <datafield tag="245" ind1=" " ind2=" ">
    <subfield code="a">Incorporaci&#xF3;n de consideraciones de biodiversidad en la pol&#xED;tica sectorial minero energ&#xE9;tica</subfield>
  </datafield>
  <datafield tag="260" ind1=" " ind2=" ">
    <subfield code="a">Bogot&#xE1;</subfield>
    <subfield code="b">Instituto Alexander von Humboldt</subfield>
    <subfield code="c">2003</subfield>
  </datafield>
  <datafield tag="300" ind1=" " ind2=" ">
    <subfield code="a">66 p.</subfield>
  </datafield>
  <datafield tag="520" ind1=" " ind2=" ">
    <subfield code="a">An&#xE1;lisis general de las pol&#xED;ticas de desarrollo del sector minero energ&#xE9;tico, enmarcadas dentro de los planes de desarrollo general y de cada sub-sector. Sirve de marco de referencia general de pol&#xED;tica y no est&#xE1; enfocado espec&#xED;ficamente a los efectos sobre la biodiversidad o el medio ambiente. Aproximaci&#xF3;n a la identificaci&#xF3;n de las pol&#xED;ticas sectoriales en ejecuci&#xF3;n que pueden tener efectos positivos o negativos en la biodiversidad. La primera parte presenta un an&#xE1;lisis del marco de las pol&#xED;ticas del sector mediante el estudio del Plan Nacional de Desarrollo y la identificaci&#xF3;n de los textos que enmarcan la ejecuci&#xF3;n del sector durante el actual gobierno.  Igualmente se realiza un an&#xE1;lisis a los planes de desarrollo sub-sectoriales y una identificaci&#xF3;n de las acciones que se est&#xE1;n tomando en la actualidad para ejecutar dichas pol&#xED;ticas. La segunda parte del documento describe la institucionalidad del sector, las entidades que la conforman y las reformas y reestructuraciones a las que han sido o est&#xE1;n siendo sometidas, identificando actores claves en la formulaci&#xF3;n y ejecuci&#xF3;n de las pol&#xED;ticas. La tercera parte identifica algunas de las principales normas que regulan el sector y que pueden afectar positiva o negativamente la inclusi&#xF3;n de criterios de biodiversidad en los textos de pol&#xED;tica nacional. Recuento inicial de las pol&#xED;ticas y acciones sectoriales que han sido identificadas con potencial de impacto en la biodiversidad</subfield>
  </datafield>
  <datafield tag="650" ind1=" " ind2=" ">
    <subfield code="a">Sector minero-energ&#xE9;tico</subfield>
    <subfield code="9">5711</subfield>
  </datafield>
  <datafield tag="650" ind1=" " ind2=" ">
    <subfield code="a">Pol&#xED;tica</subfield>
    <subfield code="9">3937</subfield>
  </datafield>
  <datafield tag="650" ind1=" " ind2=" ">
    <subfield code="a">Incorporaci&#xF3;n de consideraciones</subfield>
    <subfield code="9">5712</subfield>
  </datafield>
  <datafield tag="650" ind1=" " ind2=" ">
    <subfield code="a">Biodiversidad</subfield>
    <subfield code="9">92204</subfield>
  </datafield>
  <datafield tag="650" ind1=" " ind2=" ">
    <subfield code="a">Pol&#xED;tica sectorial</subfield>
    <subfield code="9">5713</subfield>
  </datafield>
  <datafield tag="650" ind1=" " ind2=" ">
    <subfield code="a">Minero energ&#xE9;tica</subfield>
    <subfield code="9">5714</subfield>
  </datafield>
  <datafield tag="942" ind1=" " ind2=" ">
    <subfield code="c">INFORME</subfield>
    <subfield code="2">z</subfield>
  </datafield>
  <datafield tag="945" ind1=" " ind2=" ">
    <subfield code="d">2008-09-16</subfield>
  </datafield>
  <datafield tag="999" ind1=" " ind2=" ">
    <subfield code="c">6590</subfield>
    <subfield code="d">6590</subfield>
  </datafield>
  <datafield tag="952" ind1=" " ind2=" ">
    <subfield code="0">0</subfield>
    <subfield code="1">0</subfield>
    <subfield code="2">z</subfield>
    <subfield code="4">0</subfield>
    <subfield code="7">0</subfield>
    <subfield code="8">HUMBOLDT</subfield>
    <subfield code="I">INV2017</subfield>
    <subfield code="a">Bogota</subfield>
    <subfield code="b">Bogota</subfield>
    <subfield code="d">2008-09-16</subfield>
    <subfield code="l">0</subfield>
    <subfield code="o">IAVH-00997</subfield>
    <subfield code="p">026395</subfield>
    <subfield code="r">2024-08-09 00:00:00</subfield>
    <subfield code="t">Ej. 1</subfield>
    <subfield code="w">2012-12-04</subfield>
    <subfield code="x">Dep&#xF3;sito Institucional</subfield>
    <subfield code="y">INFORME</subfield>
  </datafield>
</record>
